| 000 | 00374nam a22001337a 4500 | ||
|---|---|---|---|
| 020 | _a1-58488-430-4 | ||
| 082 | _a005.133 LAU | ||
| 100 |
_aLAU, HANG T _968513 |
||
| 245 | _aA NUMERICAL LIBRARY IN JAVA FOR SCIENTISTS AND ENGINEERS | ||
| 260 |
_aNEW YORK _bCHAPMAN & HALL _c2003 |
||
| 300 | _aXXIII,1063P | ||
| 650 |
_aJAVA (COMPUTER PROGRAMM LANGUAGE) _968514 |
||
| 942 | _cBK | ||
| 999 |
_c576074 _d576074 |
||